Tiempos de paz : (Registro nro. 14313)

Detalles MARC
000 -LIDER
fixed length control field 00733nam a2200253 4500
001 - NÚMERO DE CONTROL
Identificador de número de control
003 - IDENTIFICACDOR DE NÚMERO DE CONTROL
control field
005 - DATE AND TIME OF LATEST TRANSACTION
control field 20221020132542.0
008 - ELEMENTOS DE LONGITUD FIJA
fixed length control field 981125s1998 sp | ||| ||spa
040 ## - FUENTE DE CATALOGACIÓN
Agencia que crea de manera original el registro BPMSU
Idioma de catalogación spa
Agencia que realiza la transcripción BPMSU
Convenciones de la despripción
082 ## - NÚMERO DE CLASIFICACIÓN DECIMAL DE DEWEY
Classification number 813.4
Item number W721t 1967
Edition number 22
100 1# - ASIENTO PRINCIPAL -- NOMBRE PERSONAL
Nombre personal Williams, Ben Ames,
Fechas asociadas con el nombre 1889-1935.
Authority record control number
240 10 - TITULO UNIFORME
Título uniforme
Idioma de una obra
245 10 - MENCIÓN DE TITULO
Título Tiempos de paz :
Subtítulo novela /
Mención de responsabilidad Ben Ames Williams ; traducción Enrique de Juan.
Medio (Designación general de material)
260 ## - PUBLICACIÓN, DISTRIBUCIÓN, ETC. (PIE DE IMPRENTA)
Lugar de publicación, distribución, etc Barcelona :
Nombre del editor, distribuidor, etc. Editorial Planeta,
Fecha de publicación, distribución, etc 1967.
300 ## - DESCRIPCIÓN FÍSICA
Extensión 725 p. ;
Dimensiones 22 cm
490 0# - MENCIÓN DE SERIES
Mención de serie ómnibus,
Volume/sequential designation 46
500 ## - NOTA GENERAL
Materiales especificados
534 ## - NOTA SOBRE LA VERSIÓN ORIGINAL
Asiento principal del original Título original.
Mención del título original Time of peace.
650 #4 - ENCABEZAMIENTO DE MATERIA--TEMÁTICO
Término temático o nombre geográfico como elemento de entrada Novela estadounidense.
700 1# - ASIENTO SECUNDARIO -- NOMBRE PERSONAL
Nombre personal Juan, Enrique de,
Mención de responsabilidad tr.
910 ## - VALIDACIÓN
Validación VMateo V./Validado
942 ## - ADDED ENTRY ELEMENTS (KOHA)
Source of classification or shelving scheme Dewey Decimal Classification
Koha item type Libros
Existencias
Withdrawn status Lost status Source of classification or shelving scheme Damaged status Not for loan Collection code Home library Current library Date acquired Full call number Barcode Date last seen Price effective from Koha item type
    Dewey Decimal Classification     Colección Dominicana Biblioteca Pública Metropolitana Salomé Ureña Biblioteca Pública Metropolitana Salomé Ureña 10/20/2022 BPMSU CG 813.4 W721t 1967 BPMSU22100074 10/20/2022 10/20/2022 Libros